Banking supervision 2004 Czech National Bank
Guardado en:
| Formato: | Libro |
|---|---|
| Lenguaje: | inglés |
| Publicado: |
Praha
Czech National Bank
2004
|
| Materias: | |
| Etiquetas: |
Sin Etiquetas, Sea el primero en etiquetar este registro!
|
MARC
| LEADER | 00000nam$a2200000$$$4500 | ||
|---|---|---|---|
| 001 | 0038104 | ||
| 005 | 20240315114357.0 | ||
| 041 | 0 | |a eng | |
| 044 | |a CZ | ||
| 245 | 1 | 0 | |a Banking supervision 2004 |b Czech National Bank |
| 264 | 1 | |a Praha |b Czech National Bank |c 2004 | |
| 300 | |a 85 s. | ||
| 610 | 2 | 0 | |a banky |
| 610 | 2 | 0 | |a bankovníctvo |
| 610 | 2 | 0 | |a dohľad bankový |
| 610 | 2 | 0 | |a legislatíva |
| 610 | 2 | 0 | |a dohody |
| 610 | 2 | 0 | |a licencie |
| 610 | 2 | 0 | |a úver |
| 610 | 2 | 0 | |a arbitráž |
| 610 | 2 | 0 | |a spolupráca medzinárodná |
| 610 | 2 | 0 | |a regulácia trhu |
| 610 | 2 | 0 | |a prostredie ekonomické |
| 610 | 2 | 0 | |a riziko bankové |
| 610 | 2 | 0 | |a výsledok hospodársky |
| 610 | 2 | 0 | |a Česko |
| 610 | 2 | 0 | |a ČNB Praha |
| 610 | 2 | 0 | |a 2004 |